| 000 | 00631cam a2200169 4500500 | ||
|---|---|---|---|
| 005 | 20251012020103.0 | ||
| 041 | _afre | ||
| 042 | _adc | ||
| 100 | 1 | 0 |
_aMunoz, M.-A. _eauthor |
| 700 | 1 | 0 |
_a Beaudet, P. _eauthor |
| 700 | 1 | 0 |
_a Lintz, F. _eauthor |
| 245 | 0 | 0 | _aLe Cone Beam : une radiographie 3D en première intention en orthopédie plutôt qu’une imagerie de niche en charge |
| 260 | _c2025. | ||
| 500 | _a92 | ||
| 786 | 0 | _nMédecine et chirurgie du pied | 39 | 3 | 2025-04-25 | p. 63-73 | 0759-2280 | |
| 856 | 4 | 1 | _uhttps://shs.cairn.info/revue-medecine-et-chirurgie-du-pied-2024-3-page-63?lang=fr&redirect-ssocas=7080 |
| 999 |
_c1534053 _d1534053 |
||